Structural Analysis : A Unified Approach (Record no. 6518)

MARC details
000 -LEADER
fixed length control field 00316nam a2200121Ia 4500
008 - FIXED-LENGTH DATA ELEMENTS--GENERAL INFORMATION
fixed length control field 191201s2012 xx 000 0 und d
100 ## - MAIN ENTRY--PERSONAL NAME
Personal name RAO,D.S.Prakash
245 #0 - TITLE STATEMENT
Title Structural Analysis : A Unified Approach
260 ## - PUBLICATION, DISTRIBUTION, ETC. (IMPRINT)
Place of publication, distribution, etc N. delhi
Name of publisher, distributor, etc University Pub
Date of publication, distribution, etc 2012
300 ## - PHYSICAL DESCRIPTION
Extent 609
650 ## - SUBJECT ADDED ENTRY--TOPICAL TERM
Topical term or geographic name as entry element B.Tech(CE)
942 ## - ADDED ENTRY ELEMENTS (KOHA)
Source of classification or shelving scheme Dewey Decimal Classification
Koha item type Text Books
942 ## - ADDED ENTRY ELEMENTS (KOHA)
-- 3
Holdings
Withdrawn status Lost status Source of classification or shelving scheme Damaged status Not for loan Collection code Home library Current library Date acquired Source of acquisition Cost, normal purchase price Bill Number Total Checkouts Full call number Acc. no. / Barcode Date last seen Date last borrowed Actual Cost, discounted price Bill Date Koha item type
    Dewey Decimal Classification     B.Tech(CE) PIET C-LIBRARY PIET C-LIBRARY 03/10/2016 KIRTI PRAKASHAN, NEW DELHI 625.00 IN3851 1 624.171 RAS 28249 23/12/2022 09/12/2022 431.25 09/03/2016 Text Books
    Dewey Decimal Classification     B.Tech(CE) PIET C-LIBRARY PIET C-LIBRARY 03/10/2016 KIRTI PRAKASHAN, NEW DELHI 625.00 IN3851 2 624.171 RAS 28250 23/12/2022 09/12/2022 431.25 09/03/2016 Text Books
    Dewey Decimal Classification     B.Tech(CE) PIET C-LIBRARY PIET C-LIBRARY 03/10/2016 KIRTI PRAKASHAN, NEW DELHI 625.00 IN3851   624.171 RAS 28251 04/12/2019   431.25 09/03/2016 Text Books
    Dewey Decimal Classification     B.Tech(CE) PIET C-LIBRARY PIET C-LIBRARY 03/10/2016 KIRTI PRAKASHAN, NEW DELHI 625.00 IN3851   624.171 RAS 28252 04/12/2019   431.25 09/03/2016 Text Books
    Dewey Decimal Classification     B.Tech(CE) PIET C-LIBRARY PIET C-LIBRARY 03/10/2016 KIRTI PRAKASHAN, NEW DELHI 625.00 IN3851   624.171 RAS 28253 04/12/2019   431.25 09/03/2016 Text Books

Design & Developed by: PIET Central Library
R70 Miles Stone Pattikalyana Samalkha Panipat 132102
mail ID :- [email protected], Phone No:- 0180-2569700 Ex.216